[Event "Tres Cantos op 10th"]
[Site "Tres Cantos"]
[Date "2018.06.24"]
[Round "4.52"]
[White "Vallespin Morales, Antonio"]
[Black "Fernandez Garcia, Jorge II"]
[Result "1-0"]
[WhiteElo "1413"]
[BlackElo "1425"]
[PlyCount "105"]
[EventDate "2018.06.21"]
[EventType "swiss"]
[EventRounds "9"]
[EventCountry "ESP"]
[SourceTitle "EXT 2024"]
[Source "ChessBase"]
[SourceDate "2023.10.10"]
[SourceVersion "1"]
[SourceVersionDate "2023.10.10"]
[SourceQuality "1"]

1. e4 d6 2. d4 Nf6 3. Nc3 e5 4. dxe5 dxe5 5. Qxd8+ Kxd8 6. Bg5 Be7 7. 0-0-0+ Bd7 8. Nf3 Nc6 9. Bb5 Kc8 10. Bc4 Rf8 11. Rhe1 a6 12. Nd5 Bd8 13. Nxf6 gxf6 14. Be3 b5 15. Bd5 Rb8 16. h3 Nb4 17. Bc5 Nxd5 18. Bxf8 Nf4 19. Re3 Be6 20. Bh6 Nxg2 21. Bf8 Nxe3 22. fxe3 Bxh3 23. Rg1 Be6 24. Rg7 Bxa2 25. b3 Rb6 26. Kb2 Bxb3 27. cxb3 a5 28. Rg8 Kb7 29. Rg7 a4 30. b4 Ra6 31. Ka3 Rc6 32. Bc5 f5 33. exf5 h5 34. Rxf7 Rh6 35. Rg7 Kc8 36. Nxe5 h4 37. Rg1 Bf6 38. Ng4 Rh5 39. Nxf6 Rxf5 40. Nd5 Kb7 41. Nf4 Kc8 42. Rh1 Rg5 43. Rxh4 Rg8 44. Bd4 Rg1 45. Bb2 Re1 46. Rh3 Kb7 47. Nd5 Kc6 48. Nc3 Kb6 49. e4 c5 50. Rh6+ Kb7 51. bxc5 Re3 52. Rb6+ Kc7 53. Rxb5 1-0